| 000 | 00528nam a2200205Ia 4500 | ||
|---|---|---|---|
| 008 | 180523s9999 xx 000 0 und d | ||
| 020 | _a0-07-124997-4 | ||
| 050 | _aMAIN QR 63 | ||
| 050 | _b.H37 2005 | ||
| 100 | _aHarley, John P. | ||
| 245 | 0 | _aLaboratory exercises in microbiology / | |
| 245 | 0 | _cJohn P. Harley | |
| 250 | _a6th Edition | ||
| 260 | _bMcGraw-Hill, | ||
| 260 | _c2005 | ||
| 300 | _a466 pages : | ||
| 300 | _c26 cm. | ||
| 500 | _aIncludes index. | ||
| 650 | _aMicrobiology -- Laboratory manuals. | ||
| 999 |
_c357601 _d357601 |
||